Objective Type Question Bank on Farm Machinery and Power Engineering: (Record no. 52501)

MARC details
000 -LEADER
fixed length control field 00834nam a22002177a 4500
003 - CONTROL NUMBER IDENTIFIER
control field OSt
008 - FIXED-LENGTH DATA ELEMENTS--GENERAL INFORMATION
fixed length control field 260630b |||||||| |||| 00| 0 eng d
020 ## - INTERNATIONAL STANDARD BOOK NUMBER
International Standard Book Number 9789390660292
082 ## - DEWEY DECIMAL CLASSIFICATION NUMBER
Classification number 631.3076
Item number N22O
100 ## - MAIN ENTRY--PERSONAL NAME
Personal name Narender
245 ## - TITLE STATEMENT
Title Objective Type Question Bank on Farm Machinery and Power Engineering:
Remainder of title For ASRB ARS NET ICAR SRF JRF IARI CIAE Ph.D Entrance Exam Gate
Statement of responsibility, etc. Narender
260 ## - PUBLICATION, DISTRIBUTION, ETC. (IMPRINT)
Place of publication, distribution, etc Azadpur, Delhi
Name of publisher, distributor, etc Satish Serial Publishing House
Date of publication, distribution, etc 2022
300 ## - PHYSICAL DESCRIPTION
Extent ix., 276p.
650 ## - SUBJECT ADDED ENTRY--TOPICAL TERM
Topical term or geographic name as entry element Agricultural machinery.
650 ## - SUBJECT ADDED ENTRY--TOPICAL TERM
Topical term or geographic name as entry element Agricultural engineering.
650 ## - SUBJECT ADDED ENTRY--TOPICAL TERM
Topical term or geographic name as entry element Farm mechanization.
650 ## - SUBJECT ADDED ENTRY--TOPICAL TERM
Topical term or geographic name as entry element Agricultural engineering $v Examinations, questions
650 ## - SUBJECT ADDED ENTRY--TOPICAL TERM
Topical term or geographic name as entry element Agricultural machinery $v Examinations, questions
650 ## - SUBJECT ADDED ENTRY--TOPICAL TERM
Topical term or geographic name as entry element Agricultural engineering $x Study and teaching $v Examinations, questions
942 ## - ADDED ENTRY ELEMENTS (KOHA)
Source of classification or shelving scheme
Koha item type Books

No items available.

Hosted, Implemented, Customized & Maintained by: BestBookBuddies

Powered by Koha